| 000 | 01040nas a2200337 4500 | ||
|---|---|---|---|
| 001 | BR8704472 | ||
| 003 | BR-BrBNA | ||
| 005 | 20231205090708.0 | ||
| 007 | ta | ||
| 008 | 230509b bl.|||p| |||| 00| 00por d | ||
| 040 |
_aBR-BrBNA _bpor _cBiblioteca Nacional de Agricultura |
||
| 041 | _a(Pt) | ||
| 072 | _aT01; F06 | ||
| 100 | 1 | _aDematte, J.B.J. | |
| 100 | 1 | _aMachado, J.O. | |
| 100 | 1 | _aGraziano, T.T. | |
| 100 | 1 | _aNahas, E. | |
| 100 | 1 | _aAssumpcao, J. | |
| 245 | 1 | _aEstudos preliminares sobre a remocao biologica de Escherichia coli e de alguns elementos quimicos e compostos nitrogenados em aguas destinadas a irrigacao de hortalicas e frutiferas | |
| 650 | _aAGUA | ||
| 650 | _aPOLUICAO | ||
| 650 | _aBACTERIA PATOGENICA | ||
| 650 | _aBARONEZA | ||
| 650 | _aRADIACAO SOLAR | ||
| 650 | _aIRRIGACAO | ||
| 650 | _aHORTALICA | ||
| 650 | _aFRUTICULTURA | ||
| 773 | 0 |
_tCientifica (Brazil) _xISSN 0100-0039 _g(1982), v. 10(2) p. 203-207 _wBR8704472 |
|
| 909 |
_a202311 _bLúcia _c55 _dLúcia Elande |
||
| 942 |
_2AGRIS _n0 _cANA |
||
| 999 |
_c120317 _d120317 |
||